000 00298nam a2200097 4500
999 _c511263
_d511263
082 _aA45:B3 IIPA/MADH/2010
100 _aBhartiye Lok Prashasan Sansthan.Madhya Pradesh Avam Chattisgarh Chetriye Shakha
_910652
245 _aPrashasak prashasika, 2010
260 _aBhopal
_bThe author
300 _a216p.